[Event "BCF-chT3 0809 (4NCL)"]
[Site "Hinckley Island"]
[Date "2009.03.21"]
[Round "7.5"]
[White "Wagner, Guy"]
[Black "Periasamymanjula, Manibharathi"]
[Result "1-0"]
[WhiteElo "1830"]
[BlackElo "1704"]
[PlyCount "97"]
[EventDate "2008.10.18"]
[EventType "team-swiss"]
[EventRounds "11"]
[EventCountry "ENG"]
[SourceTitle "EXT 2010"]
[Source "ChessBase"]
[SourceDate "2010.11.25"]
[SourceVersion "1"]
[SourceVersionDate "2010.11.25"]
[SourceQuality "1"]
[WhiteTeam "Celtic Tigers II"]
[BlackTeam "AMCA Rhinos"]
[WhiteTeamCountry "ENG"]
[BlackTeamCountry "ENG"]

1. Nf3 d5 2. c4 d4 3. g3 c5 4. Bg2 g6 5. 0-0 Bg7 6. d3 e5 7. Na3 Nc6 8. Nc2 Nge7 9. e3 0-0 10. Rb1 Be6 11. a3 Qd7 12. exd4 exd4 13. b4 b6 14. Re1 Bh3 15. Bxh3 Qxh3 16. b5 Nd8 17. Rxe7 Ne6 18. Ng5 Qf5 19. Qf3 Qxf3 20. Nxf3 Bf6 21. Rd7 Rfe8 22. Bd2 Ng7 23. Re1 Ne6 24. Kf1 Kg7 25. Ne5 Bxe5 26. Rxe5 a6 27. bxa6 Rxa6 28. Rb7 Rea8 29. Re1 Rd8 30. Rb1 Rd6 31. Bf4 Rc6 32. Bb8 Nf8 33. Ba7 Ne6 34. Bxb6 Ng5 35. Bc7 Nf3 36. Bf4 Nxh2+ 37. Kg2 Ng4 38. Re1 h6 39. Ree7 Rf6 40. Be5 Nxe5 41. Rxe5 Rac6 42. Rb5 Rfe6 43. Rxe6 fxe6 44. Kf3 Kf6 45. Ke4 g5 46. g4 Kf7 47. Ke5 Kg7 48. a4 Kf7 49. a5 1-0

[Event "Uxbridge op"]
[Site "Denham"]
[Date "2009.02.22"]
[Round "5"]
[White "Malhotra, Tarun"]
[Black "Periasamymanjula, Manibharathi"]
[Result "0-1"]
[WhiteElo "1802"]
[BlackElo "1718"]
[PlyCount "122"]
[EventDate "2009.02.20"]
[EventType "swiss"]
[EventRounds "5"]
[EventCountry "ENG"]
[SourceTitle "EXT 2011"]
[Source "ChessBase"]
[SourceDate "2010.11.26"]
[SourceVersion "1"]
[SourceVersionDate "2010.11.26"]
[SourceQuality "1"]

1. e4 e5 2. Nf3 Nc6 3. Bb5 a6 4. Ba4 Nf6 5. 0-0 b5 6. Bb3 Be7 7. Re1 0-0 8. c3 d5 9. exd5 Nxd5 10. Nxe5 Nxe5 11. Rxe5 c6 12. d4 Bd6 13. Re1 Qh4 14. g3 Qh3 15. Bxd5 cxd5 16. Qf3 Bg4 17. Qg2 Qh5 18. Be3 Bf3 19. Qf1 f5 20. Nd2 Bg4 21. f4 Rad8 22. Rac1 Rf6 23. Qg2 Bb8 24. Nf1 h6 25. Rc2 g5 26. Qf2 Re8 27. Rcc1 Rfe6 28. Nd2 gxf4 29. gxf4 Qh3 30. Nf1 Bf3 31. Qg3+ Qg4 32. Kf2 Kf7 33. Qxf3 Qg6 34. Qxd5 Kf6 35. Qf3 h5 36. Ke2 h4 37. Kd2 Re4 38. h3 Bc7 39. Nh2 Qg7 40. Qf2 Qh6 41. Nf1 Bxf4 42. Bxf4 Rxf4 43. Qe3 Rxe3 44. Rxe3 Rf2+ 45. Kd3 f4 46. Re4 Qh5 47. Nd2 Qf5 48. Rce1 Qxh3+ 49. Kc2 Qh2 50. Re6+ Kg5 51. Rd1 f3 52. Kc1 Kg4 53. d5 Re2 54. Rg6+ Kh3 55. d6 f2 56. d7 Rxd2 57. Rxd2 f1Q+ 58. Kc2 Qf5+ 59. Kb3 Qxd2 60. Rg1 Qdc2+ 61. Kb4 Qa4# 0-1

[Event "Uxbridge op"]
[Site "Denham"]
[Date "2009.02.21"]
[Round "2"]
[White "Syner, John"]
[Black "Periasamymanjula, Manibharathi"]
[Result "1-0"]
[WhiteElo "2000"]
[BlackElo "1718"]
[PlyCount "79"]
[EventDate "2009.02.20"]
[EventType "swiss"]
[EventRounds "5"]
[EventCountry "ENG"]
[SourceTitle "EXT 2011"]
[Source "ChessBase"]
[SourceDate "2010.11.26"]
[SourceVersion "1"]
[SourceVersionDate "2010.11.26"]
[SourceQuality "1"]

1. d4 Nf6 2. Nc3 e6 3. e4 Bb4 4. Bd3 Nc6 5. Nf3 d6 6. 0-0 e5 7. d5 Ne7 8. a3 Bc5 9. b4 Bb6 10. Na4 Ng6 11. c4 a6 12. Nxb6 cxb6 13. h3 Bd7 14. Be3 Qc7 15. Rc1 Rc8 16. Qd2 Nh5 17. c5 b5 18. Rc3 Ngf4 19. Rfc1 0-0 20. Bf1 Qd8 21. cxd6 Qf6 22. Rxc8 Bxc8 23. Qc3 Bd7 24. Qxe5 Nxh3+ 25. gxh3 Qxf3 26. Bg2 Qe2 27. Qe7 Be8 28. d7 Bxd7 29. Qxd7 Nf6 30. Qxb7 h5 31. e5 Ne8 32. Qxa6 Qb2 33. Qxb5 Qxe5 34. Bc5 Nd6 35. Bxd6 Qxd6 36. Qc5 Qf4 37. d6 Rd8 38. d7 Qd2 39. Qc8 Kh7 40. Qc2+ 1-0

[Event "BCF-chT3 0809 (4NCL)"]
[Site "Hinckley Island"]
[Date "2009.02.08"]
[Round "6.1"]
[White "Jeffries, Majid"]
[Black "Periasamymanjula, Manibharathi"]
[Result "1-0"]
[WhiteElo "1997"]
[BlackElo "1704"]
[PlyCount "121"]
[EventDate "2008.10.18"]
[EventType "team-swiss"]
[EventRounds "11"]
[EventCountry "ENG"]
[SourceTitle "EXT 2010"]
[Source "ChessBase"]
[SourceDate "2010.11.25"]
[SourceVersion "1"]
[SourceVersionDate "2010.11.25"]
[SourceQuality "1"]
[WhiteTeam "Oxford III"]
[BlackTeam "AMCA Hippos"]
[WhiteTeamCountry "ENG"]
[BlackTeamCountry "ENG"]

1. Nf3 d5 2. e3 Nf6 3. c4 e6 4. b3 c5 5. Bb2 Nc6 6. cxd5 exd5 7. d4 cxd4 8. Nxd4 Bb4+ 9. Bc3 Bxc3+ 10. Nxc3 0-0 11. Be2 Be6 12. 0-0 Ne7 13. Rc1 a6 14. Bf3 Qd7 15. Na4 Qd6 16. Qd2 Bg4 17. h3 Bxf3 18. Nxf3 Ne4 19. Qd3 b5 20. Nc3 f5 21. Ne2 Ng6 22. Rfd1 Rad8 23. Ned4 Ne7 24. Rc2 Rc8 25. Rdc1 Rxc2 26. Rxc2 h6 27. Nd2 Nxd2 28. Qxd2 b4 29. Qc1 a5 30. Rc7 Rd8 31. Qc5 Qxc5 32. Rxc5 Ra8 33. Rc7 Kf8 34. Ne6+ Kf7 35. Nxg7 Kxg7 36. Rxe7+ Kf6 37. Rh7 Kg6 38. Rd7 a4 39. Rd6+ Kg5 40. Rxd5 axb3 41. axb3 Ra1+ 42. Kh2 Rb1 43. g4 Rxb3 44. Kg3 Rb1 45. Rxf5+ Kg6 46. Rb5 b3 47. Kf4 b2 48. Rb6+ Kg7 49. Kf5 Rh1 50. Rb7+ Kf8 51. Rxb2 Rxh3 52. Kg6 Rh4 53. Rb4 Rh2 54. Rb8+ Ke7 55. f4 Rh4 56. Rb7+ Kf8 57. Kf5 Kg8 58. e4 Kf8 59. e5 Rh1 60. Kf6 Ke8 61. e6 1-0

[Event "BCF-chT3 0809 (4NCL)"]
[Site "Hinckley Island"]
[Date "2008.10.19"]
[Round "2.3"]
[White "Chipanga, Takaedza"]
[Black "Periasamymanjula, Manibharathi"]
[Result "1/2-1/2"]
[WhiteElo "2146"]
[BlackElo "1704"]
[PlyCount "41"]
[EventDate "2008.10.18"]
[EventType "team-swiss"]
[EventRounds "11"]
[EventCountry "ENG"]
[SourceTitle "EXT 2010"]
[Source "ChessBase"]
[SourceDate "2010.11.25"]
[SourceVersion "1"]
[SourceVersionDate "2010.11.25"]
[SourceQuality "1"]
[WhiteTeam "Guildford IV"]
[BlackTeam "AMCA Hippos"]
[WhiteTeamCountry "ENG"]
[BlackTeamCountry "ENG"]

1. d4 d5 2. Nf3 Nf6 3. c4 c6 4. g3 Bf5 5. Nbd2 e6 6. Bg2 Bd6 7. 0-0 Nbd7 8. b3 Nf8 9. Bb2 h5 10. Re1 Ne4 11. cxd5 exd5 12. Ne5 h4 13. Nxe4 Bxe4 14. Bxe4 dxe4 15. Qc2 e3 16. Qf5 exf2+ 17. Qxf2 Bxe5 18. dxe5 hxg3 19. hxg3 Ne6 20. Kg2 Qd2 21. Rab1 1/2-1/2

[Event "East of Scotland"]
[Site "Grangemouth"]
[Date "2008.05.31"]
[Round "3"]
[White "Periasamymanjula, Manibharathi"]
[Black "Malkin, Kenneth"]
[Result "0-1"]
[WhiteElo "1653"]
[BlackElo "1800"]
[PlyCount "128"]
[EventDate "2008.05.30"]
[EventType "swiss"]
[EventRounds "5"]
[EventCountry "SCO"]
[SourceTitle "EXT 2010"]
[Source "ChessBase"]
[SourceDate "2010.11.25"]
[SourceVersion "1"]
[SourceVersionDate "2010.11.25"]
[SourceQuality "1"]

1. e4 e5 2. Nf3 Nc6 3. Bb5 f5 4. d3 fxe4 5. dxe4 Nf6 6. Nc3 Bc5 7. 0-0 d6 8. Bc4 Bg4 9. Qd3 Nb4 10. Qe2 Bxf3 11. gxf3 Qd7 12. Be3 Bb6 13. a4 Qh3 14. a5 Bc5 15. Bxc5 dxc5 16. Nb5 Na6 17. Nc3 Nh5 18. Rfd1 Nf4 19. Qf1 Qxf3 20. h4 Qg4+ 21. Kh2 Qxh4+ 22. Kg1 Rf8 23. Rd2 Nh3+ 24. Kg2 Qg4+ 25. Kh2 Qf4+ 26. Kxh3 Qxd2 27. Qe2 Qxe2 28. Bxe2 Rxf2 29. Bxa6 bxa6 30. Nd5 Rc8 31. Ne3 Re2 32. Ra3 Rb8 33. Kg4 Rxb2 34. Kf5 Kd7 35. Kxe5 Rb5 36. c4 Rb1 37. Rd3+ Kc6 38. Nd5 Rb4 39. Nxb4+ cxb4 40. Kd4 Rg2 41. Rb3 Ra2 42. Rxb4 Rxa5 43. e5 Ra1 44. c5 Rd1+ 45. Kc4 Rd5 46. Ra4 Rxe5 47. Rxa6+ Kb7 48. Kb5 Rxc5+ 49. Kxc5 Kxa6 50. Kc6 h5 51. Kxc7 h4 52. Kd6 h3 53. Ke6 h2 54. Kf7 g5 55. Kf6 g4 56. Kf5 g3 57. Kf4 g2 58. Kf3 g1Q 59. Ke4 h1R 60. Kf3 Rh4 61. Ke2 Qg3 62. Kf1 Kb5 63. Ke2 Rh2+ 64. Kf1 Qf2# 0-1

[Event "BCF-chT4 0708 (4NCL)"]
[Site "England"]
[Date "2007.11.24"]
[Round "3.5"]
[White "Parry, Matthew"]
[Black "Periasamymanjula, Manibharathi"]
[Result "0-1"]
[WhiteElo "1855"]
[BlackElo "1636"]
[PlyCount "54"]
[EventDate "2007.09.15"]
[EventType "team-swiss"]
[EventRounds "11"]
[EventCountry "ENG"]
[SourceTitle "EXT 2009"]
[Source "ChessBase"]
[SourceDate "2008.11.26"]
[SourceVersion "1"]
[SourceVersionDate "2008.11.26"]
[SourceQuality "1"]
[WhiteTeam "Wales Old Boys"]
[BlackTeam "AMCA Hippos"]
[WhiteTeamCountry "WLS"]
[BlackTeamCountry "ENG"]

1. d4 d5 2. Nf3 Nf6 3. e3 e6 4. Bd3 Be7 5. Nbd2 0-0 6. 0-0 b6 7. e4 dxe4 8. Nxe4 Bb7 9. Nxf6+ Bxf6 10. Ne5 Qd5 11. Qg4 Bxe5 12. dxe5 Qxe5 13. Re1 Qxe1+ 14. Bf1 Qe4 15. Qg3 Nc6 16. Bd3 Qe1+ 17. Bf1 Qe5 18. Bf4 Qxb2 19. Re1 Qf6 20. Bg5 Qg6 21. Bd3 f5 22. Bc4 Rfe8 23. Qe3 h6 24. Bf4 Rad8 25. g3 Nd4 26. Bxc7 Nf3+ 27. Kf1 Nxh2+ 0-1

[Event "BCF-chT4 0607 (4NCL)"]
[Site "Sunningdale"]
[Date "2006.12.02"]
[Round "3.5"]
[White "Shaw, Dashiell"]
[Black "Periasamymanjula, Manibharathi"]
[Result "1-0"]
[WhiteElo "1750"]
[BlackElo "1745"]
[PlyCount "93"]
[EventDate "2006.09.16"]
[EventType "team"]
[EventRounds "11"]
[EventCountry "ENG"]
[SourceTitle "EXT 2008"]
[Source "ChessBase"]
[SourceDate "2007.11.25"]
[SourceVersion "1"]
[SourceVersionDate "2007.11.25"]
[SourceQuality "1"]
[WhiteTeam "London Mstrs II"]
[BlackTeam "AMCA Hippos"]
[WhiteTeamCountry "ENG"]
[BlackTeamCountry "ENG"]

1. e4 e5 2. Nf3 Nc6 3. Bc4 Nf6 4. d3 h6 5. c3 d5 6. exd5 Nxd5 7. Qb3 Na5 8. Qa4+ Nc6 9. Nxe5 Qe7 10. Bxd5 Qxe5+ 11. Qe4 Qxe4+ 12. Bxe4 Bd7 13. d4 0-0-0 14. 0-0 f5 15. Bxc6 Bxc6 16. Bf4 g5 17. Be5 Rg8 18. Re1 h5 19. Bf6 Rd6 20. Be7 Bxe7 21. Rxe7 f4 22. Nd2 g4 23. Nc4 Rf6 24. Ne5 h4 25. Nxc6 bxc6 26. Rae1 Rff8 27. Rh7 h3 28. Ree7 Re8 29. Rxc7+ Kb8 30. Rce7 f3 31. g3 a5 32. Rhg7 Rgf8 33. Kf1 Rxe7 34. Rxe7 Rg8 35. Ke1 Ka8 36. Kd2 Rb8 37. b3 Rd8 38. Re5 Kb7 39. Rxa5 Re8 40. Re5 Ra8 41. a4 Kc7 42. Kd3 Kd6 43. Kc4 Ra7 44. Re3 Rb7 45. b4 Ra7 46. a5 Ra6 47. Re4 1-0